| 000 | 00867cab a2200265 4500 | ||
|---|---|---|---|
| 001 | ABS45684 | ||
| 008 | 090401t1992 xxu||||| |||| 00| 0 eng d | ||
| 035 | _a(Sirsi) u54495 | ||
| 041 | _aeng | ||
| 100 | _aRoskrow, B. | ||
| 245 | _aWho needs lawyers? | ||
| 260 | _c1992 | ||
| 350 | _a0 | ||
| 490 |
_aConstruction News _v(6248) 23 January 1992, 13(1) |
||
| 520 | _aAgainst a backdrop of falling rates of litigation in the construction industry during 1991, the article points to the establishment of alternative disputes resolution as a successful rival to the courts. | ||
| 650 | _aALTERNATIVE DISPUTE RESOLUTION | ||
| 650 | _aCEDR | ||
| 650 | _aCENTRE FOR DISPUTE RESOLUTION | ||
| 650 | _aCONCILIATION | ||
| 650 | _aMEDIATION | ||
| 650 | _aMINI TRIALS | ||
| 690 | _aBUILT ENVIRONMENT-BUILDING CONTRACT FORMS | ||
| 942 | _n0 | ||
| 948 | _c04/03/1997 | ||
| 999 |
_c33400 _d33400 |
||